000 01111cam a2200133 4500500
005 20260329065858.0
041 _afre
042 _adc
100 1 0 _aWaserman, Franck
_eauthor
245 0 0 _aFinances publiques
260 _bLa Documentation française,
_c2026.
520 _aL’ouvrage indispensable pour acquérir des bases solides en finances publiques. Cette nouvelle édition mise à jour propose dans un format « poche » l’essentiel de ce qu’il faut retenir des finances publiques : définitions, histoire,  cadre budgétaire général dont : les grandes questions fiscales, les règles de la comptabilité publique, les modalités de contrôle, les finances de l’État, celles des collectivités territoriales et les comptes de la protection sociale. C’est, notamment, un outil indispensable aux étudiants préparant concours et examens. Les principales nouveautés de cette édition portent sur des thèmes très actuels (ex. : lutte contre la fraude sociale…).
856 4 1 _uhttps://droit.cairn.info/finances-publiques--9782111742116?lang=fr&redirect-ssocas=7080
999 _c2023481
_d2023481